Avicii Charting Songs (Billboard Hot 100) - Statistics

General Stats
  • This quiz has been taken 182 times
  • The average score is 4 of 7
Answer Stats
Album Weeks On Peak Artist(s) Song % Correct
True 54 Weeks #4 Avicii Wake Me Up
97%
True 23 Weeks #16 Avicii Hey Brother
79%
Non-Album Single 20 Weeks #60 Avicii Levels
76%
The Days / The Nights EP 1 Week #78 Avicii The Days
65%
Tim 4 Weeks #68 Avicii ft. Aloe Blacc SOS
57%
Tim 1 Week #83 Avicii Heaven
40%
True 1 Week #85 Avicii You Make Me
30%
No matching quizzes found
Score Distribution
Percent of People with Each Score
Percentile by Number Answered
Your Score History
You have not taken this quiz